000 00671cam a22002172 4500
001 0000020169
005 20151021151138.0
008 110819s xx 000 0 eng d
020 _a8126525218
040 _aKABU
_cKABU
100 1 _aMeredith, Jack R.
_@0000148292
245 1 0 _aProject management :
_ba managerial approach /
_cJack R. Meredith, Samuel J. Mantel.
250 _a7th ed.
260 _aIndia :
_bJohn Wiley,
_c2010.
300 _axv, 587 p.
650 0 _aProject management.
_@0000148291
700 1 _aMantel, Samuel J.
_@0000148293
852 1 _9p2296 KES
908 _a110819
950 _@1
999 _c1181
_d1181